Principles of biochemistry

Saved in:
Bibliographic Details
Format: Book
Language:Undetermined
Published: Upper Saddle River Prentice Hall 1996
Subjects:
Tags: Add Tag
No Tags, Be the first to tag this record!
Institutions: Trung tâm Học liệu Trường Đại học Cần Thơ
LEADER 00617nam a2200193Ia 4500
001 CTU_126328
008 210402s9999 xx 000 0 und d
082 |a 612.015 
082 |b P954 
245 0 |a Principles of biochemistry 
245 0 |c H. Robert Horton ... [et al.]. 
260 |a Upper Saddle River 
260 |b Prentice Hall 
260 |c 1996 
526 |a Protein-ezyme học,Chuyển nạp gene cây trồng 
526 |b CSS605,CS615 
650 |a Biochemitry 
904 |i Nguyên (Tuyến sửa 574.19 thanh 612.015. chia in nhan) 
980 |a Trung tâm Học liệu Trường Đại học Cần Thơ